000 00693nam a2200229Ia 4500
003 GCL
008 140319s9999 xx 000 0 ara d
040 _aGCL /
_cGCL
082 0 4 _a818.02
_bك م
100 1 _aكريم عاصى
245 1 0 _aماثر ومفاخر عربية /
_cكريم عاصى
250 _aالاولى
260 _aبيروت :
_bدار الفكر اللبنانى ،
_c1993
300 _a135 ص ؛
_c20 سم
650 0 4 _aالشعر العربى
650 0 4 _aالادب العربى
650 0 4 _aالتراث العربى
650 0 4 _aالبلاغة العربية
650 0 4 _aالبلاغة
650 0 4 _aالحكم والامثال
942 _2ddc
_cBK
999 _c7269
_d7269